00490nmm a2200169Ia 4500008004100000020001800041041000800059100003000067245002800097264005100125300001800176490003000194650002200224856005000246942000700296999001700303251105s9999||||xx |||||||||||||||||und|| a9788497429672 aspa aCeamanos Llorens, Roberto 0aEl discurso bolchevique a[Madrid, España] :bBiblioteca Nueva, c2010 a320 páginas aHistoria Biblioteca Nueva aHistory of Europe uhttps://public.digitaliapublishing.com/a/6218 cCF c90473d90473